All Pokemon Generations I and II Quiz Stats

 Plays Quiz not verified by Sporcle

Challenge
Share
Tweet
Embed
Score 0/251 Timer 18:00
0 Plays Today
Index Name % Correct
1Bulbasaur
96.1%
2Ivysaur
95.4%
3Venusaur
94.9%
4Charmander
94.9%
5Charmeleon
94.8%
7Squirtle
94.8%
6Charizard
94.6%
9Blastoise
94.4%
151Mew
94.4%
8Wartortle
94.2%
14Kakuna
94.1%
15Beedrill
94.1%
11Metapod
93.9%
150Mewtwo
93.9%
12Butterfree
93.8%
25Pikachu
93.8%
10Caterpie
93.7%
13Weedle
93.7%
16Pidgey
93.6%
26Raichu
93.6%
18Pidgeot
93.5%
17Pidgeotto
93.2%
22Fearow
92.5%
21Spearow
92.4%
74Geodude
92%
148Dragonair
92%
149Dragonite
91.9%
19Rattata
91.8%
146Moltres
91.8%
147Dratini
91.8%
133Eevee
91.6%
20Raticate
91.4%
75Graveler
91.2%
76Golem
91.2%
144Articuno
91.2%
145Zapdos
91%
136Flareon
90.8%
24Arbok
90.7%
66Machop
90.7%
23Ekans
90.6%
95Onix
90.6%
135Jolteon
90.6%
29Nidoran
90.5%
32Nidoran
90.5%
39Jigglypuff
90.5%
67Machoke
90.5%
63Abra
90.4%
30Nidorina
90.1%
31Nidoqueen
90.1%
64Kadabra
90.1%
65Alakazam
90.1%
68Machamp
90.1%
93Haunter
90%
34Nidoking
89.9%
35Clefairy
89.9%
134Vaporeon
89.9%
40Wigglytuff
89.8%
129Magikarp
89.8%
155Cyndaquil
89.8%
33Nidorino
89.7%
44Gloom
89.7%
92Gastly
89.7%
94Gengar
89.5%
36Clefable
89.4%
43Oddish
89.3%
158Totodile
89.2%
45Vileplume
89.1%
124Jynx
88.9%
42Golbat
88.7%
59Arcanine
88.7%
41Zubat
88.5%
58Growlithe
88.3%
130Gyarados
88.3%
152Chikorita
88.2%
37Vulpix
88%
38Ninetales
87.9%
106Hitmonlee
87.9%
69Bellsprout
87.8%
123Scyther
87.8%
153Bayleef
87.8%
126Magmar
87.6%
50Diglett
87.5%
51Dugtrio
87.5%
157Typhlosion
87.5%
Index Name % Correct
81Magnemite
87.3%
143Snorlax
87.3%
82Magneton
87.2%
107Hitmonchan
87.2%
159Croconaw
87%
52Meowth
86.9%
250Ho-Oh
86.9%
70Weepinbell
86.8%
118Goldeen
86.8%
119Seaking
86.7%
131Lapras
86.7%
156Quilava
86.7%
27Sandshrew
86.3%
28Sandslash
86.3%
53Persian
86.3%
109Koffing
86.3%
71Victreebel
86.2%
100Voltorb
86.2%
125Electabuzz
86.2%
110Weezing
86.1%
120Staryu
86.1%
101Electrode
86%
121Starmie
86%
154Meganium
86%
61Poliwhirl
85.9%
62Poliwrath
85.9%
60Poliwag
85.7%
128Tauros
85.5%
140Kabuto
85.4%
141Kabutops
85%
117Seadra
84.9%
160Feraligatr
84.9%
116Horsea
84.8%
172Pichu
84.7%
208Steelix
84.7%
249Lugia
84.7%
142Aerodactyl
84.5%
77Ponyta
84.4%
138Omanyte
84.4%
139Omastar
84.4%
78Rapidash
84.3%
197Umbreon
84.2%
87Dewgong
83.7%
89Muk
83.7%
163Hoothoot
83.7%
86Seel
83.6%
113Chansey
83.6%
244Entei
83.6%
56Mankey
83.5%
88Grimer
83.5%
137Porygon
83.4%
164Noctowl
83.2%
196Espeon
83.2%
57Primeape
82.8%
79Slowpoke
82.4%
127Pinsir
82.4%
54Psyduck
82.2%
80Slowbro
82.2%
132Ditto
82.2%
245Suicune
81.8%
55Golduck
81.5%
48Venonat
81.3%
243Raikou
81.2%
49Venomoth
81.1%
115Kangaskhan
81%
112Rhydon
80.9%
111Rhyhorn
80.7%
72Tentacool
80.5%
73Tentacruel
80.5%
97Hypno
80.5%
174Igglybuff
80.4%
96Drowzee
80.1%
173Cleffa
80.1%
251Celebi
80.1%
84Doduo
80%
169Crobat
80%
239Elekid
79.8%
114Tangela
79.7%
237Hitmontop
79.7%
85Dodrio
79.4%
91Cloyster
79.3%
83Farfetch'd
79.3%
46Paras
79.1%
47Parasect
79%
Index Name % Correct
90Shellder
78.8%
122Mr. Mime
78.8%
240Magby
78.6%
161Sentret
78.1%
98Krabby
77.8%
99Kingler
77.6%
104Cubone
77.5%
162Furret
77.5%
105Marowak
77.4%
248Tyranitar
77.4%
102Exeggcute
76.7%
179Mareep
76.6%
246Larvitar
76.5%
165Ledyba
76.3%
167Spinarak
76.3%
230Kingdra
76.3%
168Ariados
76.1%
103Exeggutor
75.9%
247Pupitar
75.1%
181Ampharos
74.9%
108Lickitung
74.6%
241Miltank
74.6%
199Slowking
74.4%
212Scizor
74.3%
175Togepi
73.8%
166Ledian
73.6%
180Flaaffy
73.6%
229Houndoom
72.7%
182Bellossom
72.4%
228Houndour
72.3%
186Politoed
71.9%
236Tyrogue
71.6%
238Smoochum
71.5%
242Blissey
71.5%
176Togetic
69.9%
214Heracross
69.4%
201Unown
68.5%
183Marill
68.4%
233Porygon2
68.1%
177Natu
67.5%
178Xatu
67.5%
185Sudowoodo
66.9%
184Azumarill
66.5%
200Misdreavus
65.6%
220Swinub
65.6%
223Remoraid
65.6%
221Piloswine
65.3%
198Murkrow
64.9%
204Pineco
64.7%
216Teddiursa
64.7%
227Skarmory
64.7%
232Donphan
64.7%
217Ursaring
64.6%
231Phanpy
64.6%
187Hoppip
64.4%
171Lanturn
64%
215Sneasel
63.6%
170Chinchou
63.5%
203Girafarig
63.3%
192Sunflora
63.1%
195Quagsire
63.1%
189Jumpluff
62.9%
205Forretress
62.9%
191Sunkern
62.8%
188Skiploom
62.4%
224Octillery
62.4%
235Smeargle
62.2%
226Mantine
62.1%
194Wooper
62%
202Wobbuffet
60.4%
209Snubbull
60.4%
193Yanma
60.2%
206Dunsparce
60.2%
210Granbull
60.2%
225Delibird
60%
234Stantler
59.6%
218Slugma
59.2%
190Aipom
58.5%
219Magcargo
57.3%
207Gligar
57.2%
222Corsola
55.9%
213Shuckle
55.3%
211Qwilfish
55.2%

You're not logged in!

Compare scores with friends on all Sporcle quizzes.
OR
Log In

You Might Also Like...

Show Comments

Extras

Top Quizzes Today


Score Distribution

Your Account Isn't Verified!

In order to create a playlist on Sporcle, you need to verify the email address you used during registration. Go to your Sporcle Settings to finish the process.

Report this User

Report this user for behavior that violates our Community Guidelines.

Details: